| 000 | 00482cam a22002051 4500 | ||
|---|---|---|---|
| 001 | sa 65008723 | ||
| 003 | DLC | ||
| 005 | 20260227112157.0 | ||
| 008 | 890629s1965 ii 000 0 pano | ||
| 010 | _asa 65008723 | ||
| 035 | _a(OCoLC)19947887 | ||
| 040 |
_aDLC _cWaU _dDLC |
||
| 042 | _apremarc | ||
| 050 | 0 | 0 |
_aPK2659.S587 _bN3 |
| 100 | 1 |
_aSingh, Sujan, _d1909- |
|
| 245 | 1 | 0 | _aNarakāṃ de dewate. |
| 260 | _c[1965] | ||
| 300 |
_a157 p. _c19 cm. |
||
| 500 | _aIn Panjabi. | ||
| 999 |
_c65817 _d65817 |
||